Least Religious Countries - Statistics

General Stats
  • This quiz has been taken 177 times
  • The average score is 18 of 25
Answer Stats
% Country % Correct
31.5% United Kingdom
95%
51.8% China
91%
26.3% Germany
88%
60.2% Japan
88%
29.0% Sweden
88%
24.5% Canada
86%
31.9% France
85%
28.4% Australia
83%
20.8% Finland
82%
46.6% South Korea
82%
78.4% Czech Republic
81%
39.6% New Zealand
79%
31.0% Belgium
77%
71.3% Estonia
77%
41.4% Netherlands
77%
22.8% Switzerland
73%
44.3% Latvia
70%
26.7% Luxembourg
64%
18.8% Slovenia
60%
29.9% Vietnam
58%
20.3% Hungary
54%
28.6% Belarus
53%
36.5% Mongolia
42%
23.2% Cuba
38%
45.3% Uruguay
27%
No matching quizzes found
Score Distribution
Percent of People with Each Score
Percentile by Number Answered
Your Score History
You have not taken this quiz